Statistics for Highest Grossing Superhero Movies

Click here to take the quiz!

General Stats

  • This quiz has been taken 143,095 times
    (29,605 since last reset)
  • The average score is 27 of 42

Answer Stats

YearGrossMovie% Correct
20121.52 bilThe Avengers
92%
20192.80 bilAvengers: Endgame
91%
20080.585 bilIron Man
91%
20220.608 bilThe Batman
90%
20020.825 bilSpider-Man
89%
20182.05 bilAvengers: Infinity War
85%
20100.621 bilIron Man 2
84%
20131.22 bilIron Man 3
84%
20211.89 bilSpider-Man: No Way Home
78%
20161.15 bilCaptain America: Civil War
77%
20151.40 bilAvengers: Age of Ultron
76%
20170.878 bilSpider Man: Homecoming
75%
20080.999 bilThe Dark Knight
75%
20181.34 bilBlack Panther
74%
20191.13 bilSpider-Man: Far From Home
73%
20170.854 bilThor: Ragnarok
73%
20040.788 bilSpider-Man 2
71%
20150.519 bilAnt-Man
69%
20140.714 bilCaptain America: The
Winter Soldier
69%
20070.895 bilSpider-Man 3
69%
20140.773 bilGuardians of the Galaxy
67%
20160.678 bilDoctor Strange
66%
20170.864 bilGuardians of the Galaxy Vol. 2
62%
20170.822 bilWonder Woman
62%
20170.658 bilJustice League
61%
20191.13 bilCaptain Marvel
59%
20121.08 bilThe Dark Knight Rises
58%
20180.623 bilAnt-Man and the Wasp
57%
20160.873 bilBatman v Superman:
Dawn of Justice
56%
20120.758 bilThe Amazing Spider-Man
55%
20181.14 bilAquaman
53%
20130.645 bilThor: The Dark World
53%
20140.709 bilThe Amazing Spider-Man 2
49%
20130.668 bilMan of Steel
48%
20160.783 bilDeadpool
43%
20191.07 bilJoker
43%
20160.747 bilSuicide Squad
42%
20180.785 bilDeadpool 2
39%
20170.619 bilLogan
31%
20180.856 bilVenom
28%
20140.748 bilX-Men: Days of Future Past
26%
20160.544 bilX-Men: Apocalypse
22%

Score Distribution

Percentile by Number Answered

Percent of People with Each Score

Your Score History

You have not taken this quiz since the last reset